00810cam a2200205 a 4500020001800000040000800018082002600026245010400052260009200156300004000248650001400288650001400302650002500316650001400341700002000355856005800375942000700433999001700440952014700457 a9780821373750 cDLC00a370 NAT 2008 A011 Or.00aToward a better future :beducation and training for economic development in Singapore since 1965 / aWashington, D.C. :bWorld Bank ;aSingapore :bNational Institute of Education,cc2008. axvi, 206 p. :bill., maps :c26 cm. 0aEducation 0aEducation 0aVocational education 0aSingapore1 aLee, Sing-Kong.41uhttp://www.loc.gov/catdir/toc/ecip083/2007043612.html cEK c13569d13569 0010406370_000000000000000_NAT_2008_A011_OR70964646aLBAbLBAcA011d2017-08-28o370 NAT 2008 A011 Or.pA21960r2017-08-28w2017-08-28yEK